Concepts an Models in Bioinorganic Chemistry
Salvato in:
| Autore principale: | |
|---|---|
| Altri autori: | |
| Natura: | Libro |
| Lingua: | inglese |
| Pubblicazione: |
Weinheim
Wiley-VCH Verlag
2006
|
| Soggetti: | |
| Accesso online: | Visualizza in OPAC |
| Tags: |
Nessun Tag, puoi essere il primo ad aggiungerne!!
|
MARC
| LEADER | 00000nam a2200000 a 4500 | ||
|---|---|---|---|
| 005 | 20260127134325.0 | ||
| 008 | 070308 2006 gw 000 0 eng d | ||
| 020 | |a 3527313052 | ||
| 035 | |a vtls008953244 | ||
| 039 | 9 | |y 200703080934 |z mschk03 | |
| 040 | |a STUSCHK1 |b slo |c STUSCHK1 |e AACR2 | ||
| 080 | |a 546:547 | ||
| 100 | 1 | |a Kraatz, Heinz-Bernhard | |
| 245 | 1 | |a Concepts an Models in Bioinorganic Chemistry | |
| 260 | |a Weinheim |b Wiley-VCH Verlag |c 2006 | ||
| 300 | |a xxvi, 443 p. : ill. ; 24 cm | ||
| 650 | 0 | |a Bioinorganic chemistry | |
| 700 | 1 | |a Metzler-Nolte, Nils | |
| 910 | |a SCHK95 | ||
| 919 | |a 3-527-31305-2 | ||
| 999 | |c 9851 |d 9851 | ||